[Event "April TNT"]
[Site "Winnipeg CAN"]
[Date "2002.04.30"]
[Round "4"]
[White "Hogeveen Rutter, Alexander"]
[Black "Weijs, Harry"]
[Result "1-0"]
[WhiteElo "1246"]
[BlackElo "1529"]
[PlyCount "77"]
[EventDate "2002.04.09"]
[EventType "swiss"]
[EventRounds "4"]
[EventCountry "CAN"]

1. e4 d5 2. exd5 Qxd5 3. Nc3 Qa5 4. Bc4 Nc6 5. Nf3 Bf5 6. d3 e6 7. O-O O-O-O 8.
Re1 Bg4 9. h3 h5 10. hxg4 hxg4 11. Ng5 Qf5 12. Nxe6 Qh5 13. f3 g3 14. Kf1 Qh1+
15. Ke2 Qxg2+ 16. Ke3 fxe6 17. Bxe6+ Kb8 18. Re2 Qxe2+ 19. Kxe2 Rh2+ 20. Ke3
Bc5+ 21. Kf4 g2 22. Be3 Bd6+ 23. Kg4 Nf6+ 24. Kf5 Rh1 25. Bg1 Nd4+ 26. Bxd4
Rxd1 27. Rxd1 Nh5 28. Rg1 Nf4 29. Be3 Rf8+ 30. Ke4 Nxe6 31. Rxg2 Re8 32. Kf5
Nd8 33. Bd4 Rf8+ 34. Ke4 Rf4+ 35. Kd5 Rf5+ 36. Kc4 Nc6 37. Bxg7 Rc5+ 38. Kb3
Na5+ 39. Ka4 1-0

[Event "April TNT"]
[Site "Winnipeg CAN"]
[Date "2002.04.30"]
[Round "4"]
[White "Rutter, Blair"]
[Black "Trueman, Francis"]
[Result "1-0"]
[WhiteElo "1604"]
[BlackElo "1479"]
[PlyCount "43"]
[EventDate "2002.04.09"]
[EventType "swiss"]
[EventRounds "4"]
[EventCountry "CAN"]

1. d4 Nf6 2. c4 d6 3. Nc3 g6 4. Nf3 Bg7 5. e3 O-O 6. Be2 Nbd7 7. O-O c6 8. Qc2
Re8 9. e4 Nf8 10. Rd1 e5 11. dxe5 Ng4 12. exd6 Qb6 13. Rf1 Ne6 14. h3 Nf6 15.
Be3 Qa5 16. a3 c5 17. Rfd1 Nd7 18. b4 cxb4 19. axb4 Qxb4 20. Nd5 Bxa1 21. Nxb4
Bg7 22. Nd5 1-0

[Event "Art Skeel mem"]
[Site "Edmonton CAN"]
[Date "2002.06.06"]
[Round "1"]
[White "Boik, Andrew"]
[Black "Buitendyk, Theo"]
[Result "1/2-1/2"]
[WhiteElo "1543"]
[BlackElo "1758"]
[PlyCount "33"]
[EventDate "2002.06.06"]
[EventType "swiss"]
[EventRounds "4"]
[EventCountry "CAN"]

1. e4 c5 2. Nf3 e6 3. d4 cxd4 4. Nxd4 Nf6 5. Nc3 Bb4 6. e5 Nd5 7. Bd2 Nxc3 8.
bxc3 Be7 9. Qg4 g6 10. Bd3 f5 11. exf6 Bxf6 12. h4 e5 13. Bxg6+ hxg6 14. Qxg6+
Ke7 15. Bg5 Qf8 16. Bxf6+ Qxf6 17. Nf5+ 1/2-1/2

[Event "Art Skeel mem"]
[Site "Edmonton CAN"]
[Date "2002.06.06"]
[Round "1"]
[White "Verlik, Val"]
[Black "Hughey, Micah"]
[Result "0-1"]
[WhiteElo "1566"]
[BlackElo "2122"]
[PlyCount "46"]
[EventDate "2002.06.06"]
[EventType "swiss"]
[EventRounds "4"]
[EventCountry "CAN"]

1. e4 e5 2. Nf3 Nc6 3. Nc3 Nf6 4. d3 d5 5. exd5 Nxd5 6. Ne4 f5 7. Ng3 Be7 8.
Be2 Be6 9. O-O O-O 10. c3 Kh8 11. h3 Qe8 12. Ng5 Bg8 13. Bh5 Qd8 14. Nxh7 Bxh7
15. Bf3 Bh4 16. Nh5 g6 17. Ng3 Qd6 18. Qc2 Rad8 19. Be2 Nf4 20. Bxf4 exf4 21.
Nh1 Bg8 22. c4 Nd4 23. Qc3 Bf6 0-1

[Event "Art Skeel mem"]
[Site "Edmonton CAN"]
[Date "2002.06.20"]
[Round "3"]
[White "Gardner, Robert"]
[Black "Hughey, Micah"]
[Result "1/2-1/2"]
[WhiteElo "2254"]
[BlackElo "2072"]
[PlyCount "60"]
[EventDate "2002.06.06"]
[EventType "swiss"]
[EventRounds "4"]
[EventCountry "CAN"]

1. e4 e5 2. Nf3 Nc6 3. Bb5 a6 4. Ba4 Nf6 5. O-O Be7 6. Qe2 b5 7. Bb3 d6 8. c3
O-O 9. d4 Bg4 10. Rd1 Qc8 11. h3 Bh5 12. a4 Qb7 13. d5 Na5 14. Bc2 c6 15. dxc6
Nxc6 16. b4 Rfd8 17. axb5 axb5 18. Rxa8 Rxa8 19. Bd3 Ra1 20. Na3 d5 21. exd5
Nxd5 22. Bb2 Rxa3 23. Bxh7+ Kxh7 24. Bxa3 Nf4 25. Qe3 Kg8 26. Kh2 Qc7 27. g3
Ne6 28. Rd5 Bxf3 29. Qxf3 Qb7 30. Rxe5 Qa6 1/2-1/2

[Event "Art Skeel mem"]
[Site "Edmonton CAN"]
[Date "2002.06.27"]
[Round "4"]
[White "Hamblin, Jim"]
[Black "Boik, Andrew"]
[Result "0-1"]
[WhiteElo "1708"]
[BlackElo "1543"]
[PlyCount "57"]
[EventDate "2002.06.06"]
[EventType "swiss"]
[EventRounds "4"]
[EventCountry "CAN"]

1. e4 d5 2. exd5 Nf6 3. d4 Nxd5 4. c4 Nf6 5. Nf3 Bg4 6. Be2 e6 7. O-O c5 8. d5
exd5 9. Re1 Be7 10. cxd5 Qxd5 11. Qa4+ Bd7 12. Bb5 a6 13. Nc3 Qd6 14. Bf4 Qb6
15. Bxb8 Bxb5 16. Nxb5 Rxb8 17. Nc7+ Kf8 18. Nd5 Nxd5 19. Qe4 Qd6 20. Rad1 Nf6
21. Qc4 Qc7 22. Ng5 Bd8 23. Re2 h6 24. Nf3 g6 25. Rde1 Kg7 26. Ne5 b5 27. Qc3
Re8 28. Ng4 Rxe2 29. Rxe2 0-1

[Event "Art Skeel mem"]
[Site "Edmonton CAN"]
[Date "2002.06.27"]
[Round "4"]
[White "Hughey, Micah"]
[Black "Chi, Jonathan"]
[Result "1/2-1/2"]
[WhiteElo "2072"]
[BlackElo "1686"]
[PlyCount "31"]
[EventDate "2002.06.06"]
[EventType "swiss"]
[EventRounds "4"]
[EventCountry "CAN"]

1. Nf3 Nf6 2. d4 e6 3. Nbd2 d5 4. e3 b6 5. c3 Bb7 6. Bd3 Nbd7 7. O-O c5 8. Qe2
Be7 9. Ne5 O-O 10. f4 Ne4 11. Qf3 f5 12. g4 cxd4 13. exd4 g6 14. g5 Nxe5 15.
dxe5 Bc5+ 16. Kg2 1/2-1/2

[Event "August TNT"]
[Site "Winnipeg CAN"]
[Date "2002.08.06"]
[Round "1"]
[White "Mu, Yuchen"]
[Black "Rutter, Blair"]
[Result "1/2-1/2"]
[WhiteElo "1816"]
[BlackElo "1604"]
[PlyCount "120"]
[EventDate "2002.08.06"]
[EventType "swiss"]
[EventRounds "4"]
[EventCountry "CAN"]

1. e4 e6 2. d4 d5 3. Nc3 Nc6 4. e5 Bb4 5. Qg4 g6 6. a3 Ba5 7. Nf3 Bd7 8. Bg5
Nce7 9. Qh4 Bb6 10. Rd1 a6 11. Bf6 Nxf6 12. Qxf6 O-O 13. Qh4 Nf5 14. Qh3 c5 15.
dxc5 Bxc5 16. Bd3 Bc6 17. Bxf5 exf5 18. Qh6 Be7 19. h4 f6 20. e6 Bc5 21. h5 g5
22. g4 Re8 23. Nxg5 fxg5 24. Nxd5 Bxd5 25. Rxd5 Bf8 26. Rxd8 Bxh6 27. Rxe8+
Rxe8 28. gxf5 Kg7 29. Rh3 Kf6 30. Rb3 Re7 31. Rb6 Kxf5 32. Kf1 Kg4 33. Kg2 Kxh5
34. c4 Bg7 35. b4 Kg6 36. c5 Bd4 37. a4 Kf5 38. Kf3 h5 39. Kg3 h4+ 40. Kg2 Kg4
41. f3+ Kf4 42. Rd6 Be5 43. Rd7 Bf6 44. Rd6 Ke5 45. Rb6 Rxe6 46. Rxb7 Kd5 47.
Kh3 Kc4 48. Kg4 Be7 49. Rb8 Re5 50. Rb6 a5 51. bxa5 Rxc5 52. Rb7 Bd8 53. a6 Ra5
54. a7 Bf6 55. Rf7 Bd4 56. f4 gxf4 57. Rxf4 Rxa7 58. Kxh4 Rxa4 59. Kg4 Kd5 60.
Kf5 Ra6 1/2-1/2

[Event "August TNT"]
[Site "Winnipeg CAN"]
[Date "2002.08.06"]
[Round "1"]
[White "Schulz, Waldemar"]
[Black "Prince, Colin"]
[Result "1-0"]
[WhiteElo "2094"]
[BlackElo "1696"]
[PlyCount "85"]
[EventDate "2002.08.06"]
[EventType "swiss"]
[EventRounds "4"]
[EventCountry "CAN"]

1. d4 Nf6 2. c4 g6 3. Nc3 Bg7 4. e4 O-O 5. Nf3 d6 6. Be2 e5 7. dxe5 dxe5 8.
Qxd8 Rxd8 9. Bg5 c6 10. O-O Be6 11. Nxe5 h6 12. Bxf6 Bxf6 13. Nf3 Nd7 14. Rad1
Nb6 15. e5 Bg7 16. b3 Nd7 17. Ne4 Nxe5 18. Nc5 Rab8 19. Nxe6 Nxf3+ 20. Bxf3
fxe6 21. Rfe1 e5 22. Kf1 Kf7 23. Ke2 Rd4 24. Rxd4 exd4 25. Kd3 a5 26. c5 Re8
27. Rb1 Re5 28. Rc1 Bf6 29. a3 Rf5 30. b4 axb4 31. axb4 Re5 32. Ra1 Re7 33. Ra7
h5 34. Be4 Rd7 35. Bxc6 Re7 36. Rxb7 Rxb7 37. Bxb7 Ke6 38. f3 Be5 39. Ke4 g5
40. Bd5+ Kf6 41. g3 h4 42. gxh4 Bxh2 43. hxg5+ 1-0

[Event "August TNT"]
[Site "Winnipeg CAN"]
[Date "2002.08.06"]
[Round "1"]
[White "Tetrault, Claude"]
[Black "Klokow, John"]
[Result "1-0"]
[WhiteElo "1584"]
[BlackElo "1782"]
[PlyCount "77"]
[EventDate "2002.08.06"]
[EventType "swiss"]
[EventRounds "4"]
[EventCountry "CAN"]

1. d4 Nf6 2. c4 e6 3. Nf3 c5 4. Nc3 cxd4 5. Nxd4 Nc6 6. Nf3 Bb4 7. Qc2 d5 8.
cxd5 Nxd5 9. e3 Bd7 10. Bd2 Rc8 11. Bd3 Nf6 12. O-O O-O 13. Qb3 Ba5 14. Rfd1 e5
15. Ne4 Be6 16. Nxf6+ gxf6 17. Qa3 Bb6 18. Bb4 f5 19. Bxf5 Bxf5 20. Rxd8 Rfxd8
21. Bc3 Rd3 22. Qa4 Rcd8 23. Nxe5 Nxe5 24. Bxe5 Rd2 25. Rc1 Bc2 26. Qg4+ Bg6
27. h3 R8d7 28. Bd4 f5 29. Qf4 Bxd4 30. exd4 R2xd4 31. Rc8+ Kf7 32. Qe5 Re4 33.
Qc5 a6 34. Rc7 Rxc7 35. Qxc7+ Re7 36. Qb6 Kg7 37. f4 Bf7 38. a3 Bd5 39. Qd4+
1-0

[Event "August TNT"]
[Site "Winnipeg CAN"]
[Date "2002.08.13"]
[Round "2"]
[White "Klokow, John"]
[Black "Gentes, Kevin"]
[Result "1/2-1/2"]
[WhiteElo "1782"]
[BlackElo "2354"]
[PlyCount "86"]
[EventDate "2002.08.06"]
[EventType "swiss"]
[EventRounds "4"]
[EventCountry "CAN"]

1. e4 c5 2. Nf3 d6 3. d4 cxd4 4. Nxd4 Nf6 5. Nc3 a6 6. Rg1 e5 7. Nb3 Be6 8. g4
h6 9. h4 h5 10. g5 Ng4 11. Nd5 Nd7 12. Be3 Nxe3 13. Nxe3 Rc8 14. Nd5 Nb6 15. c3
Nxd5 16. exd5 Bf5 17. Rc1 Qb6 18. Bd3 Bxd3 19. Qxd3 a5 20. Qf5 Rc4 21. g6 f6
22. Rh1 Rf4 23. Qc2 a4 24. Na1 f5 25. c4 Re4+ 26. Kf1 Qa6 27. b3 Rh6 28. Rg1
Be7 29. Re1 Rf4 30. Qd2 Rxh4 31. Qxh6 Rf4 32. Qxh5 axb3 33. axb3 Qa2 34. Qe2
Qa3 35. c5 Qxc5 36. Rd1 Bh4 37. Rg2 Qc3 38. Qc2 Qh3 39. Qc8+ Bd8 40. Kg1 Rh4
41. Kf1 Qh1+ 42. Rg1 Qh3+ 43. Rg2 Qh1+ 1/2-1/2

[Event "August TNT"]
[Site "Winnipeg CAN"]
[Date "2002.08.13"]
[Round "2"]
[White "Weijs, Harry"]
[Black "Lange, John"]
[Result "0-1"]
[WhiteElo "1527"]
[BlackElo "1382"]
[PlyCount "96"]
[EventDate "2002.08.06"]
[EventType "swiss"]
[EventRounds "4"]
[EventCountry "CAN"]

1. d4 c6 2. e4 d5 3. e5 Bf5 4. Nf3 e6 5. c4 a6 6. Nc3 Bb4 7. Bd3 Ne7 8. Bg5
Bxd3 9. Qxd3 O-O 10. c5 Nd7 11. O-O f6 12. exf6 Nxf6 13. Rfe1 Bxc3 14. bxc3 Ne4
15. Rxe4 dxe4 16. Qxe4 Qd5 17. Re1 Qxe4 18. Rxe4 Nd5 19. Rxe6 Nxc3 20. a4 Rae8
21. Rxe8 Rxe8 22. a5 Nb5 23. Be3 g5 24. h3 h6 25. Kh2 Rd8 26. g4 Nc3 27. Ne5
Nd1 28. Kg3 Nxe3 29. fxe3 Rf8 30. Nf3 Kf7 31. h4 gxh4+ 32. Nxh4 Ke6 33. Nf3 Kd5
34. Nd2 Rg8 35. Kh4 Ke6 36. Kh5 Kd5 37. Kh4 Ke6 38. Kg3 Kf6 39. Kh4 Kg6 40. Kg3
h5 41. gxh5+ Kxh5+ 42. Kf2 Kg4 43. Ke2 Rh8 44. e4 Kf4 45. Kd3 Rh3+ 46. Kc4 Rh2
47. Kd3 Rh3+ 48. Kc4 Ke3 0-1

[Event "August TNT"]
[Site "Winnipeg CAN"]
[Date "2002.08.20"]
[Round "3"]
[White "Klokow, John"]
[Black "Trueman, Francis"]
[Result "1/2-1/2"]
[WhiteElo "1782"]
[BlackElo "1449"]
[PlyCount "51"]
[EventDate "2002.08.06"]
[EventType "swiss"]
[EventRounds "4"]
[EventCountry "CAN"]

1. e4 d6 2. d4 Nf6 3. Nc3 g6 4. f4 Bg7 5. Nf3 O-O 6. Bd3 c6 7. h3 Qc7 8. Be3 b6
9. Qd2 Ba6 10. g4 Bxd3 11. Qxd3 e5 12. fxe5 dxe5 13. Nxe5 Nbd7 14. Bf4 Nxe5 15.
Bxe5 Qe7 16. O-O-O a5 17. Qg3 Rfd8 18. Rhe1 b5 19. d5 Nh5 20. gxh5 Bxe5 21. Qg4
Bxc3 22. bxc3 Qa3+ 23. Kb1 Qxc3 24. hxg6 hxg6 25. d6 Qb4+ 26. Ka1 1/2-1/2

[Event "August TNT"]
[Site "Winnipeg CAN"]
[Date "2002.08.20"]
[Round "3"]
[White "Lange, John"]
[Black "Van Wyk, Joseph"]
[Result "1/2-1/2"]
[WhiteElo "1382"]
[BlackElo "1833"]
[PlyCount "63"]
[EventDate "2002.08.06"]
[EventType "swiss"]
[EventRounds "4"]
[EventCountry "CAN"]

1. d4 d5 2. Nf3 c5 3. c3 Nc6 4. Bg5 Qb6 5. b3 cxd4 6. cxd4 Bf5 7. e3 Nb4 8. Na3
Qa5 9. Bb5+ Kd8 10. Ba4 f6 11. O-O fxg5 12. Nxg5 Nh6 13. Qh5 g6 14. Qf3 a6 15.
Rfc1 b5 16. Rc5 e6 17. Nxe6+ Bxe6 18. Qf6+ Kd7 19. Qxh8 Nf7 20. Qg8 Nd3 21.
Bxb5+ axb5 22. Rxb5 Qxa3 23. Qxh7 Qb2 24. Rf1 Rxa2 25. Qxg6 Nd6 26. Qxd3 Nxb5
27. Qxb5+ Ke7 28. Qd3 Kf6 29. e4 dxe4 30. Qxe4 Bxb3 31. Qf4+ Kg7 32. Qg5+
1/2-1/2

[Event "August TNT"]
[Site "Winnipeg CAN"]
[Date "2002.08.20"]
[Round "3"]
[White "Mu, Yuchen"]
[Black "Vincent, Trevor"]
[Result "0-1"]
[WhiteElo "1816"]
[BlackElo "1838"]
[PlyCount "134"]
[EventDate "2002.08.06"]
[EventType "swiss"]
[EventRounds "4"]
[EventCountry "CAN"]

1. e4 c5 2. Nf3 Nc6 3. d4 cxd4 4. Nxd4 g6 5. Nc3 Bg7 6. Be3 Nf6 7. Bc4 Qa5 8.
O-O O-O 9. Nb3 Qd8 10. Bg5 a6 11. a4 d6 12. Kh1 Bd7 13. f4 Rc8 14. a5 Nb8 15.
Be2 Bc6 16. Bf3 Nbd7 17. Nd4 Qc7 18. Re1 Rfe8 19. Re3 Nf8 20. Nxc6 bxc6 21. Qd2
Ne6 22. Bxf6 Bxf6 23. Bg4 Rb8 24. Bxe6 fxe6 25. Ra2 e5 26. f5 Bg5 27. fxg6 hxg6
28. h4 Bxe3 29. Qxe3 Qd7 30. Na4 Qe6 31. b3 Rb4 32. c4 Qg4 33. g3 Qd1+ 34. Kh2
Qxb3 35. Qh6 Qxa2+ 36. Kh3 Kf7 37. Qh7+ Ke6 38. Qxg6+ Kd7 39. Nb6+ Rxb6 40.
axb6 Qxc4 41. h5 Qe6+ 42. Kh4 Rb8 43. Qh7 Rxb6 44. Kg5 Rb8 45. Qf5 Rg8+ 46. Kh4
Qxf5 47. exf5 Ke8 48. h6 Kf7 49. g4 e6 50. fxe6+ Kg6 51. g5 Re8 52. Kg4 Rxe6
53. Kh4 e4 54. Kg4 e3 55. h7 Kxh7 56. Kf5 Re5+ 57. Kf6 Rxg5 58. Kxg5 e2 59. Kf5
e1=Q 60. Kf4 Kg6 61. Kg4 Qe4+ 62. Kg3 Kg5 63. Kf2 Kg4 64. Kg1 Kf3 65. Kh2 Qe2+
66. Kh3 Qg2+ 67. Kh4 Qg4# 0-1

[Event "August TNT"]
[Site "Winnipeg CAN"]
[Date "2002.08.20"]
[Round "3"]
[White "Rutter, Blair"]
[Black "Greenberg, Harley"]
[Result "0-1"]
[WhiteElo "1604"]
[BlackElo "1757"]
[PlyCount "88"]
[EventDate "2002.08.06"]
[EventType "swiss"]
[EventRounds "4"]
[EventCountry "CAN"]

1. d4 Nf6 2. c4 e6 3. Nc3 c5 4. d5 exd5 5. cxd5 d6 6. e4 g6 7. Nf3 Bg7 8. Bd3
O-O 9. O-O Na6 10. a3 Nc7 11. Re1 Rb8 12. h3 b5 13. Bf4 Nh5 14. Be3 a5 15. Ra2
c4 16. Be2 b4 17. axb4 axb4 18. Na4 Ba6 19. Nd4 Qe8 20. Bf3 Bb5 21. Nxb5 Nxb5
22. Qc1 b3 23. Ra1 c3 24. Bh6 cxb2 25. Nxb2 Rc8 26. Qg5 Bxb2 27. Rab1 Bf6 28.
Qe3 Ng7 29. Rxb3 Nd4 30. Bg4 Rc5 31. Rb6 Nc2 32. Qf3 Bd4 33. Rd1 Rc3 34. Qf4
Bxb6 35. Qxd6 Bc7 36. Qa6 Qxe4 37. d6 Bd8 38. Qb5 Nd4 39. Qb2 Rd3 40. Rc1 Qe5
41. Qb4 Bg5 42. Rc5 Qxd6 43. Bxg5 Nde6 44. Be3 Rxe3 0-1

[Event "August TNT"]
[Site "Winnipeg CAN"]
[Date "2002.08.20"]
[Round "3"]
[White "Schulz, Waldemar"]
[Black "Lauritson, Jim"]
[Result "0-1"]
[WhiteElo "2094"]
[BlackElo "1925"]
[PlyCount "48"]
[EventDate "2002.08.06"]
[EventType "swiss"]
[EventRounds "4"]
[EventCountry "CAN"]

1. d4 f5 2. c4 Nf6 3. g3 g6 4. Bg2 Bg7 5. Nf3 d6 6. O-O O-O 7. Nc3 Qe8 8. Qc2
e5 9. dxe5 dxe5 10. Rd1 Nc6 11. Nd5 Rf7 12. Ng5 Rd7 13. Nxf6+ Bxf6 14. Rxd7
Bxd7 15. e4 Nd4 16. Qd3 Qd8 17. exf5 Bxg5 18. fxg6 h6 19. f4 Bf5 20. Be4 Bxe4
21. Qxe4 exf4 22. gxf4 Bf6 23. Be3 Qd7 24. Rf1 Re8 0-1

[Event "August TNT"]
[Site "Winnipeg CAN"]
[Date "2002.08.20"]
[Round "3"]
[White "Tetrault, Claude"]
[Black "Prince, Colin"]
[Result "0-1"]
[WhiteElo "1584"]
[BlackElo "1696"]
[PlyCount "44"]
[EventDate "2002.08.06"]
[EventType "swiss"]
[EventRounds "4"]
[EventCountry "CAN"]

1. d4 Nf6 2. c4 g6 3. Nc3 Bg7 4. Nf3 d6 5. Bg5 h6 6. Bh4 c5 7. d5 O-O 8. e4 Bg4
9. h3 Bd7 10. Bd3 e6 11. e5 dxe5 12. dxe6 Bxe6 13. Nxe5 Qa5 14. Qc2 Nh5 15. Nf3
Nf4 16. O-O Nc6 17. a3 Rae8 18. Rab1 Nxd3 19. Qxd3 Bf5 20. Qd2 Bxb1 21. Rxb1
Nd4 22. Nd5 Nxf3+ 0-1

[Event "August TNT"]
[Site "Winnipeg CAN"]
[Date "2002.08.27"]
[Round "4"]
[White "Ford, Dana"]
[Black "Weijs, Harry"]
[Result "0-1"]
[WhiteElo "1178"]
[BlackElo "1527"]
[PlyCount "42"]
[EventDate "2002.08.06"]
[EventType "swiss"]
[EventRounds "4"]
[EventCountry "CAN"]

1. d4 f5 2. Nf3 Nf6 3. Bg5 e6 4. e3 Be7 5. Nc3 d5 6. Be2 O-O 7. Qd2 Ne4 8. Nxe4
fxe4 9. Bxe7 Qxe7 10. Ne5 Nd7 11. f4 Nxe5 12. dxe5 c5 13. O-O-O a5 14. h4 Bd7
15. h5 c4 16. h6 g6 17. Qe1 Rac8 18. Qg3 c3 19. Bh5 Qb4 20. b3 Qa3+ 21. Kb1
Qb2# 0-1

[Event "August TNT"]
[Site "Winnipeg CAN"]
[Date "2002.08.27"]
[Round "4"]
[White "Gentes, Kevin"]
[Black "Rutter, Blair"]
[Result "1-0"]
[WhiteElo "2354"]
[BlackElo "1604"]
[PlyCount "83"]
[EventDate "2002.08.06"]
[EventType "swiss"]
[EventRounds "4"]
[EventCountry "CAN"]

1. d4 d5 2. c4 c6 3. Nf3 Nf6 4. Qc2 Bg4 5. Ne5 Bh5 6. e3 e6 7. Nc3 Nbd7 8. f4
Nxe5 9. fxe5 Nd7 10. cxd5 exd5 11. Bd3 Be7 12. O-O Nf8 13. Qf2 Ne6 14. Ne2 O-O
15. Nf4 Bg6 16. Nxg6 fxg6 17. Qg3 c5 18. Rxf8+ Bxf8 19. Qg4 Qb6 20. dxc5 Bxc5
21. Kh1 Re8 22. Qa4 Re7 23. e4 dxe4 24. Qxe4 Rd7 25. h3 Rd4 26. Qe2 Qd8 27. Bc2
Kh8 28. Bb3 Nf8 29. e6 Be7 30. Be3 Rd6 31. Bf4 Rc6 32. Rd1 Qc8 33. Bd5 Rb6 34.
Rc1 Qd8 35. Bb3 a6 36. Qe3 Rb5 37. Bc7 Qa8 38. Rf1 Qc8 39. Be5 Qc5 40. Bxg7+
Kxg7 41. Rf7+ Kh8 42. Qh6 1-0

[Event "August TNT"]
[Site "Winnipeg CAN"]
[Date "2002.08.27"]
[Round "4"]
[White "Lange, John"]
[Black "Mu, Yuchen"]
[Result "0-1"]
[WhiteElo "1382"]
[BlackElo "1884"]
[PlyCount "48"]
[EventDate "2002.08.06"]
[EventType "swiss"]
[EventRounds "4"]
[EventCountry "CAN"]

1. e4 c5 2. Nf3 d6 3. d4 cxd4 4. Nxd4 Nf6 5. Nc3 g6 6. Bb5+ Bd7 7. Bxd7+ Nbxd7
8. O-O Bg7 9. f4 Qb6 10. Kh1 Nxe4 11. Nxe4 Qxd4 12. Qxd4 Bxd4 13. c3 Bg7 14. f5
Nf6 15. Ng5 Rc8 16. Be3 a6 17. Bd4 O-O 18. Rae1 Nd5 19. Bxg7 Kxg7 20. Ne4 b5
21. Rd1 Ne3 22. f6+ exf6 23. Nxd6 Rcd8 24. Nxf7 Rxd1 0-1

[Event "August TNT"]
[Site "Winnipeg CAN"]
[Date "2002.08.27"]
[Round "4"]
[White "Lauritson, Jim"]
[Black "Vincent, Trevor"]
[Result "0-1"]
[WhiteElo "1925"]
[BlackElo "1852"]
[PlyCount "58"]
[EventDate "2002.08.06"]
[EventType "swiss"]
[EventRounds "4"]
[EventCountry "CAN"]

1. e4 c5 2. Nc3 g6 3. g3 Bg7 4. Bg2 e6 5. d3 Ne7 6. Be3 d6 7. Qd2 O-O 8. Bh6
Nbc6 9. h4 Re8 10. Bxg7 Kxg7 11. h5 Ng8 12. f4 Rb8 13. Nf3 Nd4 14. O-O-O b5 15.
hxg6 fxg6 16. Qf2 b4 17. Ne2 Nxe2+ 18. Qxe2 Qa5 19. Nd2 Qxa2 20. Nb1 a5 21. d4
a4 22. Qe3 c4 23. c3 a3 24. Rd2 bxc3 25. Qxc3 Rb3 26. Qxc4 axb2+ 27. Kc2 Ba6
28. Qxb3 Rc8+ 29. Nc3 b1=Q# 0-1

[Event "August TNT"]
[Site "Winnipeg CAN"]
[Date "2002.08.27"]
[Round "4"]
[White "Van Wyk, Joseph"]
[Black "Klokow, John"]
[Result "1-0"]
[WhiteElo "1833"]
[BlackElo "1782"]
[PlyCount "49"]
[EventDate "2002.08.06"]
[EventType "swiss"]
[EventRounds "4"]
[EventCountry "CAN"]

1. e4 e5 2. Nf3 Nc6 3. d4 exd4 4. c3 dxc3 5. Nxc3 d6 6. Bc4 Be7 7. Qb3 Nf6 8.
Bxf7+ Kf8 9. Ng5 Na5 10. Qa4 c6 11. b4 Nc4 12. Bxc4 b5 13. Nxb5 cxb5 14. Qxb5
Bd7 15. Qa6 d5 16. exd5 Bxb4+ 17. Ke2 Qe7+ 18. Be3 Re8 19. Ne6+ Bxe6 20. dxe6
Bc5 21. Rab1 Bxe3 22. fxe3 Ne4 23. Rhf1+ Kg8 24. Rb7 Nc3+ 25. Ke1 1-0

[Event "August op"]
[Site "Edmonton CAN"]
[Date "2002.08.01"]
[Round "1"]
[White "Camphaug, Lincoln"]
[Black "Wihnon, Jason"]
[Result "0-1"]
[WhiteElo "1650"]
[BlackElo "1802"]
[PlyCount "64"]
[EventDate "2002.08.01"]
[EventType "swiss"]
[EventRounds "5"]
[EventCountry "CAN"]

1. c4 Nf6 2. Nc3 g6 3. e4 d6 4. Nge2 Bg7 5. g3 O-O 6. Bg2 Nc6 7. O-O e5 8. d3
Be6 9. Nd5 Ne7 10. Bg5 Nfxd5 11. cxd5 Bd7 12. Qc1 f6 13. Bh6 c6 14. Bxg7 Kxg7
15. d4 cxd5 16. exd5 Rc8 17. Qd2 Bb5 18. Rfd1 Bxe2 19. Qxe2 Qa5 20. Qd2 Qxd2
21. Rxd2 Rc4 22. dxe5 fxe5 23. Re1 Rfc8 24. f4 Rc1 25. Kf2 Rxe1 26. Kxe1 exf4
27. Re2 Nf5 28. Bh3 fxg3 29. Bxf5 gxf5 30. Re7+ Kf8 31. Rxh7 Rc1+ 32. Ke2 g2
0-1

[Event "August op"]
[Site "Edmonton CAN"]
[Date "2002.08.01"]
[Round "1"]
[White "Kazakevich, Alexander"]
[Black "Hughey, Micah"]
[Result "1-0"]
[WhiteElo "1693"]
[BlackElo "2059"]
[PlyCount "65"]
[EventDate "2002.08.01"]
[EventType "swiss"]
[EventRounds "5"]
[EventCountry "CAN"]

1. e4 e5 2. Nf3 Nc6 3. d4 exd4 4. Nxd4 Bc5 5. Nxc6 Qf6 6. Qd2 dxc6 7. Bd3 Ne7
8. O-O Be6 9. c3 O-O-O 10. Qc2 Ng6 11. b4 Be7 12. Be3 Nf4 13. Bd4 Rxd4 14. cxd4
Qxd4 15. Rd1 Nxd3 16. Nc3 Nxb4 17. Qa4 Qxc3 18. Qxa7 Na6 19. Rab1 Bb4 20. a3
Qxa3 21. Ra1 Ba2 22. Rxa2 Qb3 23. Raa1 c5 24. h3 c6 25. Rd6 c4 26. Rxc6+ bxc6
27. Qxa6+ Kd7 28. Qb7+ Kd6 29. Ra6 Kc5 30. Qa7+ Kd6 31. Qd4+ Ke6 32. Rxc6+ Ke7
33. Qa7+ 1-0

[Event "August op"]
[Site "Edmonton CAN"]
[Date "2002.08.08"]
[Round "2"]
[White "Pua, Richard"]
[Black "Gagnon, Josh"]
[Result "1/2-1/2"]
[WhiteElo "1683"]
[BlackElo "1409"]
[PlyCount "102"]
[EventDate "2002.08.01"]
[EventType "swiss"]
[EventRounds "5"]
[EventCountry "CAN"]

1. d4 d5 2. c4 c6 3. Nf3 Nd7 4. Nc3 e6 5. e4 dxe4 6. Nxe4 Ngf6 7. Bd3 Nxe4 8.
Bxe4 Bb4+ 9. Bd2 Bxd2+ 10. Qxd2 f5 11. Bc2 O-O 12. O-O-O b5 13. Rhe1 Nb6 14. c5
Nd5 15. Ne5 Bb7 16. Bb3 a5 17. a4 b4 18. Re3 Qg5 19. Bxd5 exd5 20. Nd7 f4 21.
Re5 Rf5 22. Rde1 Rxe5 23. Rxe5 Qxg2 24. Qxf4 Qf1+ 25. Kc2 b3+ 26. Kd2 Ba6 27.
Qf3 Qc4 28. Qc3 Qxc3+ 29. Kxc3 Bc4 30. Nb6 Rf8 31. Nxc4 dxc4 32. Kxc4 Rxf2 33.
Kxb3 Kf7 34. d5 cxd5 35. Rxd5 Rxh2 36. c6 Rh3+ 37. Kc4 Rh2 38. Rxa5 Rxb2 39.
Ra7+ Ke6 40. Rxg7 Kd6 41. Kc3 Rb8 42. Rxh7 Kxc6 43. Kc4 Rb1 44. a5 Rb7 45. Rxb7
Kxb7 46. Kc5 Ka6 47. Kb4 Ka7 48. Kb5 Kb7 49. a6+ Ka7 50. Ka5 Ka8 51. Kb6 Kb8
1/2-1/2

[Event "August op"]
[Site "Edmonton CAN"]
[Date "2002.08.15"]
[Round "3"]
[White "Chi, Megan"]
[Black "Wihnon, Jason"]
[Result "0-1"]
[WhiteElo "1270"]
[BlackElo "1802"]
[PlyCount "76"]
[EventDate "2002.08.01"]
[EventType "swiss"]
[EventRounds "5"]
[EventCountry "CAN"]

1. d4 Nf6 2. c4 g6 3. Nc3 d5 4. Nf3 Bg7 5. Bg5 Ne4 6. Bd2 Nxc3 7. Bxc3 O-O 8.
e3 c5 9. Bd3 Nc6 10. O-O cxd4 11. Nxd4 e5 12. Nxc6 bxc6 13. cxd5 cxd5 14. Qc2
Qg5 15. Rfd1 Bh3 16. Bf1 Bg4 17. Rxd5 Rfd8 18. Qd2 Rxd5 19. Qxd5 Rd8 20. Qe4
Bf5 21. Qa4 Bd3 22. Bxd3 Rxd3 23. Qe8+ Bf8 24. Bb4 Rd8 25. Qa4 Qg4 26. a3 a5
27. f3 Qc4 28. Qxa5 Qd3 29. Bxf8 Qxe3+ 30. Kf1 Rd2 31. Qxd2 Qxd2 32. Bb4 Qxb2
33. Rd1 Qc2 34. Ra1 Qd3+ 35. Ke1 Qd4 36. Ra2 Qg1+ 37. Kd2 Qxg2+ 38. Kc3 Qxa2
0-1

[Event "August op"]
[Site "Edmonton CAN"]
[Date "2002.08.22"]
[Round "4"]
[White "Hughey, Micah"]
[Black "Pua, Richard"]
[Result "1-0"]
[WhiteElo "2049"]
[BlackElo "1664"]
[PlyCount "99"]
[EventDate "2002.08.01"]
[EventType "swiss"]
[EventRounds "5"]
[EventCountry "CAN"]

1. e4 e5 2. d4 exd4 3. Nf3 c5 4. c3 d5 5. exd5 Qxd5 6. cxd4 cxd4 7. Nxd4 Bc5 8.
Be3 Bb4+ 9. Nc3 Bxc3+ 10. bxc3 a6 11. Be2 Nf6 12. O-O O-O 13. Bf3 Qd7 14. Qb3
Nc6 15. Rfd1 Nxd4 16. Rxd4 Qe6 17. Qxe6 fxe6 18. Rb1 e5 19. Rdb4 e4 20. Be2 b5
21. c4 Kh8 22. cxb5 axb5 23. Bc5 Rd8 24. R4b2 Be6 25. a3 Nd5 26. Rc1 Nf4 27.
Bxb5 Nd3 28. Bxd3 exd3 29. Bb4 Ra6 30. f4 Bg4 31. Kf2 Be2 32. g3 Kg8 33. Rc7
Rf6 34. Bc3 Rf7 35. Rxf7 Kxf7 36. Rxe2 dxe2 37. Kxe2 g6 38. g4 h5 39. h3 hxg4
40. hxg4 Ke6 41. a4 Kf7 42. a5 Ke6 43. Ke3 Rd7 44. Bd4 Rd8 45. a6 Rc8 46. a7
Kf7 47. Be5 Re8 48. Kd4 Ra8 49. Bb8 g5 50. f5 1-0